Hotel and lodging management : an introduction /
সংরক্ষণ করুন:
| প্রধান লেখক: | |
|---|---|
| অন্যান্য লেখক: | |
| বিন্যাস: | Sách giấy |
| প্রকাশিত: |
Hoboken, NJ :
John Wiley & Sons,
2006.
|
| সংস্করন: | 2nd ed. |
| বিষয়গুলি: | |
| অনলাইন ব্যবহার করুন: | Table of contents only Contributor biographical information Publisher description |
| ট্যাগগুলো: |
ট্যাগ যুক্ত করুন
কোনো ট্যাগ নেই, প্রথমজন হিসাবে ট্যাগ করুন!
|
| Thư viện lưu trữ: | Thư viện Trường Đại học Đà Lạt |
|---|
| LEADER | 01296nam a2200397 4500 | ||
|---|---|---|---|
| 001 | DLU200195280 | ||
| 005 | ##20201130 | ||
| 008 | ##041115s2006 njua bi 001 0 eng | ||
| 010 | # | # | |a 2004027109 |
| 020 | # | # | |a 0471474479 (cloth) |
| 040 | # | # | |a DLC |c DLC |d DLC |
| 042 | # | # | |a pcc |
| 082 | # | # | |a 647.940 68 |b ST-A |
| 100 | # | # | |a Stutts, Alan T. |
| 245 | # | # | |a Hotel and lodging management : |b an introduction / |c Alan T. Stutts, James F. Wortman. |
| 250 | # | # | |a 2nd ed. |
| 260 | # | # | |a Hoboken, NJ : |b John Wiley & Sons, |c 2006. |
| 300 | # | # | |a xix, 341 p. : |b ill. ; |c 24 cm. |
| 504 | # | # | |a Includes bibliographical references and index. |
| 650 | # | # | |a Hospitality industry |x Management. |
| 700 | # | # | |a Wortman, James. |
| 856 | # | # | |3 Table of contents only |u http://www.loc.gov/catdir/toc/ecip054/2004027109.html |
| 856 | # | # | |3 Contributor biographical information |u http://www.loc.gov/catdir/enhancements/fy0617/2004027109-b.html |
| 856 | # | # | |3 Publisher description |u http://www.loc.gov/catdir/enhancements/fy0617/2004027109-d.html |
| 923 | # | # | |a 03/2020 |
| 991 | # | # | |a SH |
| 992 | # | # | |a 4180899 |
| 993 | # | # | |a 2006 |
| 994 | # | # | |a DLU |
| 900 | # | # | |a True |
| 911 | # | # | |a Nguyễn Thanh Hương |
| 925 | # | # | |a G |
| 926 | # | # | |a A |
| 927 | # | # | |a SH |
| 980 | # | # | |a Thư viện Trường Đại học Đà Lạt |


